Las 10 mejores series de dibujos de los años 90 - Estadísticas

Estadísticas generales
  • Esta prueba ha sido intentada 383 veces
  • La puntuación promedio es 3 de 10
Estadísticas de respuestas
Hint Respuesta % Correcto
1 Dragon Ball
63%
2 Los Simpson
49%
5 Pokemon
49%
6 Oliver y Benji
35%
8 Doraemon
32%
3 Digimon
31%
4 Los Rugrats
26%
10 Shin Chan
19%
7 La Banda del Patio
12%
9 Gárgolas
6%
No se encontraron pruebas coincidentes
Distribución de puntuación
Porcentaje de gente con cada puntuación
Porcentaje por número respondido
Historial de tus puntuaciones
No has intentado esta prueba.